Advanced inorganic chemistry (Record no. 2836)

000 -LEADER
fixed length control field 00571nam a2200241u 4500
001 - CONTROL NUMBER
control field 2836
003 - CONTROL NUMBER IDENTIFIER
control field BD-DhUET
008 - FIXED-LENGTH DATA ELEMENTS--GENERAL INFORMATION
fixed length control field 890901s1965 ii 000 0 eng
020 ## - INTERNATIONAL STANDARD BOOK NUMBER
International Standard Book Number 8121902630
040 ## - CATALOGING SOURCE
Original cataloging agency DLC
Transcribing agency DLC
Modifying agency BD-DhUET
082 ## - DEWEY DECIMAL CLASSIFICATION NUMBER
Classification number 546
Item number PRA/2000
100 ## - MAIN ENTRY--PERSONAL NAME
Personal name Prakash, Satya
245 00 - TITLE STATEMENT
Title Advanced inorganic chemistry
250 ## - EDITION STATEMENT
Edition statement 1st ed.
260 ## - PUBLICATION, DISTRIBUTION, ETC. (IMPRINT)
Place of publication, distribution, etc. New York
Name of publisher, distributor, etc. S. Chand
Date of publication, distribution, etc. 2000
300 ## - PHYSICAL DESCRIPTION
Extent xvi, 1157p.
Other physical details ill.
500 ## - GENERAL NOTE
General note Vol. I
650 #0 - SUBJECT ADDED ENTRY--TOPICAL TERM
Topical term or geographic name as entry element Chemistry
700 ## - ADDED ENTRY--PERSONAL NAME
Personal name Tuli, G. D.
700 ## - ADDED ENTRY--PERSONAL NAME
Personal name Basu, S. K.
700 ## - ADDED ENTRY--PERSONAL NAME
Personal name Madan, R. D.
942 ## - ADDED ENTRY ELEMENTS (KOHA)
Koha item type General Book
Holdings
Damaged status Location (home branch) Koha item type Withdrawn status Koha normalized classification for sorting Lost status Koha full call number Sublocation or collection (holding branch) Date acquired Source of classification or shelving scheme Shelving location Koha date last seen Piece designation (barcode) Copy number Koha renewals Koha date last borrowed Price effective from Koha issues (times borrowed) Not for loan
 Central Library, BUETGeneral Book 546_000000000000000_PRA_2000 546/PRA/2000Central Library, BUET2014-10-12 Circulation section2024-05-2696435122024-04-272014-10-125 
 Central Library, BUETGeneral Book 546PRA2000 546/PRA/2000Central Library, BUET2014-11-09 Circulation section2020-02-2496433212020-02-232014-11-0912 
 Central Library, BUETReading Item 546_000000000000000_PRA_2000 546/PRA/2000Central Library, BUET2015-06-16 Reading section2015-06-16964313  2015-06-16  
 Central Library, BUETGeneral Book 546_000000000000000_PRA_2000 546/PRA/2000Central Library, BUET2015-12-28 Circulation section2019-09-01964344 2019-08-242015-12-286